00508pab a2200169 454500008004000000100002000040245005600060260000900116300001300125362001000138650001800148773003400166908000600200909001000206999001700216952010500233180718b2009 xxu||||| |||| 00| 0 eng d aZaidi, S. Akbar aSouth Asia? West Asia? Pakistan: location, identity c2009 ap.36-39. a7 Mar aGlobalization aEconomic and Political Weekly aN a81650 c81650d81650 00104070aIIPAbIIPAd2018-07-19hVolume no: 44, Issue no: 10pAR82110r2018-07-19w2018-07-19yAR